| 000 | 00000nam 2200000za 4500 |
| 001 | 9.849226 |
| 003 | CaOODSP |
| 005 | 20221107153851 |
| 007 | cr ||||||||||| |
| 008 | 180129s2017 oncab ob f000 0 fre d |
| 020 | |a978-0-660-24363-4|z978-0-7726-6649-9 |
| 040 | |aCaOODSP|bfre |
| 043 | |an-cn-bc |
| 086 | 1 |aEn3-4/278-2017F-PDF |
| 245 | 00|aProgramme de rétablissement de la grenouille léopard (Lithobates pipiens), population des Rocheuses, au Canada |h[ressource électronique]. |
| 260 | |aOttawa : |bEnvironnement et changement climatique Canada, |c2017. |
| 300 | |a26, ix, 53 p. : |bcartes (principalement en coul.), ill. en coul. |
| 490 | 1 |aLoi sur les espèces en péril, série de programmes de rétablissement, adoption en vertu de l’article 44 de la LEP |
| 500 | |aPubl. aussi en anglais sous le titre : Recovery strategy for the northern leopard frog (Lithobates pipiens), Rocky Mountain population in Canada. |
| 504 | |aComprend des références bibliographiques. |
| 505 | 00|gptie. 1. |tAddition du gouvernement fédéral au Plan de rétablissement de la grenouille léopard (Lithobates pipiens) en Colombie-Britannique / |rpréparée par Environnement et changement climatique Canada -- |gptie. 2. |tPlan de rétablissement de la grenouille léopard (Lithobates pipiens) en Colombie-Britannique / |rpréparé par l’Équipe de rétablissement de la grenouille léopard pour le ministère de l’Environment de la Colombie-Britannique. |
| 692 | 07|2gccst|aEspèce menacée |
| 692 | 07|2gccst|aAmphibien |
| 692 | 07|2gccst|aConservation de la nature |
| 710 | 1 |aColombie-Britannique. |bMinistry of Environment. |
| 710 | 1 |aCanada. |bEnvironnement et changement climatique Canada. |
| 775 | 08|tRecovery strategy for the northern leopard frog (Lithobates pipiens), Rocky Mountain population in Canada |w(CaOODSP)9.849225 |
| 830 | #0|aLoi sur les espèces en péril, série de programmes de rétablissement.|w(CaOODSP)9.501470 |
| 856 | 40|qPDF|s3.17 Mo|uhttps://publications.gc.ca/collections/collection_2018/eccc/En3-4-278-2017-fra.pdf |